01010cam a2200241 a 45000010005000000030006000050050017000110080041000280100017000690200018000860400023001040430012001270500022001390820018001611000023001792450078002022600035002803000045003155200281003605210023006416500064006647000040007281967FISKH20260106120408.0100712s2012 nyua j b 001 0 eng  a 2010028726 a9780545536776 aDLCcDLCdDLCbeng an-us-ma00aE215.7b.F74 201200a973.3/1152221 aFreedman, Russell.14aThe Boston Tea Party /cby Russell Freeman ; illustrated by Peter Malone. aNew York :bScholastic,c2012. a39 pages :bcolor illustrations;c28 cm  aTells the story of the Boston Tea Party of 1773 from the arrival of the ships full of controversial taxed tea in Boston Harbor, through the explosive protest meetings at the Old South Church, to the defiant act of dumping 226 chests of fine tea into the harbor on December 16.8 a1130 bLexile NC  0aBoston Tea Party, Boston, Mass., 1773vJuvenile literature.1 aMalone, Peter,d1953-eillustrator